LEADER 02376nam 2200373 450 001 000030127 005 20140305152458.0 010 $a978-88-359-7003-3$dEUR14.00 100 $a20120413d2009----km-y0itaa50------ba 101 0 $aita 102 $aIT 200 1 $a<> grande venditore di immagini$eelementi di semiotica del cinema$fLuca Forgione 210 $aRoma$cEditori Riuniti university press$d2009 215 $a214 p.$d21 cm 225 2 $aCognitio$v1 330 $aUn'introduzione alla semiotica del cinema, divisa in tre parti che affrontano alcune specifiche dimensioni teoriche. La prima parte si sofferma sulla nascita del dibattito in semiotica del cinema, dalla metā degli anni '60 fino agli anni '70, per approfondire le nozioni di segno, codice, testo. La seconda parte affronta in chiave narratologica gli studi filmici: la questione č stabilire le caratteristiche che definiscono la nozione di narrativitā e la possibilitā di assegnare al testo filmico lo statuto narrativo emerso dagli studi strettamente legati all'analisi testuale di natura scritturale. Infine, la terza parte si sofferma sulla dimensione pragmatica, in particolare approfondisce il dispositivo dell'enunciazione e sempre in chiave comparata prova a cogliere contiguitā e differenze tra l'ambito scritturale e quello filmico. 410 0$12001$aCognitio$v1 606 1 $aCinema$xLinguaggio 676 $a791.43014$v(22. ed.)$9Cinema. Linguaggi e comunicazione 700 1$aForgione,$bLuca$0329618 801 0$aIT$bUniversitā della Basilicata - B.I.A.$gREICAT$2unimarc 912 $a000030127 996 $aGrande venditore di immagini$993496 997 $aUNIBAS BAS $aLETTERE CAT $aLCR$b01$c20120119$lBAS01$h0904 CAT $aLCR$b01$c20120119$lBAS01$h0932 CAT $aSTD079$b01$c20120413$lBAS01$h0739 CAT $aMDL$b30$c20120523$lBAS01$h1343 CAT $aMDL$b30$c20140305$lBAS01$h1524 FMT Z30 -1$lBAS01$LBAS01$mBOOK$1BASA1$APolo Storico-Umanistico$2DID$BDidattica$3FP/110863$6110863$5L110863$820120424$f04$FPrestabile Didattica Z30 -1$lBAS01$LBAS01$mBOOK$1BASA1$APolo Storico-Umanistico$2DSLA$BCollezione DiSSLA$3DD/5562$65562$5D5562$820130506$f04$FPrestabile Didattica Z30 -1$lBAS01$LBAS01$mBOOK$1BASA1$APolo Storico-Umanistico$2DSLA$BCollezione DiSSLA$3DD/5563$65563$5D5563$820130506$f04$FPrestabile Didattica LEADER 01901nam 2200385z- 450 001 9910694500703321 005 20150326075939.0 035 $a(CKB)5860000000022498 035 $a(BIP)025375093 035 $a(EXLCZ)995860000000022498 100 $a20220406c2007uuuu -u- - 101 0 $aeng 200 10$aExamine coastal erosion causes, effects and solutions in Louisiana, including the Louisiana Coastal Area Ecosystem Restoration Plan proposed for authorization in the Water Resources Development Act of 2005 $ehearing before the Committee on Environment and Public Works, United States Senate, One Hundred Ninth Congress, first session, August 26, 2005 215 $a1 online resource (iii, 73 p.) $cill 311 $a0-16-080099-4 517 $aExamine coastal erosion causes, effects and solutions in Louisiana, including the Louisiana Coastal Area Ecosystem Restoration Plan proposed for authorization in the Water Resources Development Act of 2005 606 $aShore protection$zLouisiana 606 $aCoastal zone management$zLouisiana 606 $aWetland conservation$zLouisiana 606 $aWetland restoration$xGovernment policy$zLouisiana 606 $aEndangered ecosystems$xGovernment policy$zLouisiana 610 $aShore protection 610 $aCoastal zone management 610 $aWetlands 610 $aNature conservation 610 $aNature 615 0$aShore protection 615 0$aCoastal zone management 615 0$aWetland conservation 615 0$aWetland restoration$xGovernment policy 615 0$aEndangered ecosystems$xGovernment policy 906 $aBOOK 912 $a9910694500703321 996 $aExamine coastal erosion causes, effects and solutions in Louisiana, including the Louisiana Coastal Area Ecosystem Restoration Plan proposed for authorization in the Water Resources Development Act of 2005$93214328 997 $aUNINA